000 00323nam a22001337a 4500
008 170607b xxu||||| |||| 00| 0 eng d
020 _a9781574540468
041 _aeng
080 _a327
100 _a18
101 _aSHP
245 _aFAULT LINES OF DEMOCRACY TRANSITION LATIN AMERICA
_cAGUERO.F
942 _2udc
_cBK
999 _c16257
_d16257